[Event "Chioggia op-B 14th"]
[Site "Chioggia"]
[Date "2019.10.06"]
[Round "4"]
[White "Fornaro, Massimo"]
[Black "Marino, Maurizio"]
[Result "1-0"]
[WhiteElo "1239"]
[BlackElo "1461"]
[PlyCount "147"]
[EventDate "2019.10.04"]
[EventType "swiss"]
[EventRounds "5"]
[EventCountry "ITA"]
[SourceTitle "EXT 2022"]
[Source "ChessBase"]
[SourceDate "2021.10.06"]
[SourceVersion "1"]
[SourceVersionDate "2021.10.06"]
[SourceQuality "1"]

1. d4 f5 2. e3 Nf6 3. Bd3 g6 4. Ne2 Bg7 5. b3 0-0 6. Bb2 d6 7. Nd2 Qe8 8. Nf3 Nc6 9. Qd2 e5 10. Bb5 Ne4 11. Qd1 a6 12. Bc4+ Kh8 13. d5 Ne7 14. b4 Ng8 15. Nd2 Nef6 16. Nc3 Nh6 17. Qe2 Bd7 18. h3 Qf7 19. 0-0-0 a5 20. b5 g5 21. a4 Qe7 22. f3 c6 23. Nb3 Nf7 24. e4 cxb5 25. Bxb5 Rfc8 26. exf5 Bxf5 27. Ne4 h6 28. g4 Bg6 29. Rh2 Rc7 30. Na1 Rac8 31. c4 b6 32. Nc2 Nd8 33. Ba3 Nxe4 34. fxe4 Nb7 35. Re1 Nc5 36. Bxc5 Rxc5 37. Na3 Rf8 38. Rf2 Rcc8 39. Nb1 Rf4 40. Rxf4 gxf4 41. Qf2 Rc5 42. Nd2 Qd8 43. Bc6 Bf6 44. Qf1 Bh4 45. Rd1 Be8 46. Nb3 Rxc6 47. dxc6 Bxc6 48. Qd3 Be7 49. Kb2 Bxa4 50. Qd5 Qc7 51. Qe6 Kg7 52. Rc1 Bc6 53. Nd2 Be8 54. Qd5 Bf7 55. Qd3 Qc5 56. Rc3 a4 57. Ka2 b5 58. Ka1 b4 59. Rc1 b3 60. Nb1 Qf2 61. Nd2 Qb6 62. Qc3 Bg5 63. Rb1 Qc5 64. Rb2 Bh4 65. Qc1 Bf2 66. Nf3 Qb4 67. Rxf2 a3 68. Kb1 Bxc4 69. Qd2 Qc5 70. Ne1 Kf6 71. Rf3 Kg5 72. Rc3 Qb4 73. Nd3 Bxd3+ 74. Qxd3 1-0

[Event "Treviso op-D 1st"]
[Site "Treviso"]
[Date "2017.03.18"]
[Round "3.21"]
[White "Giacomazzi, Anna"]
[Black "Fornaro, Massimo"]
[Result "0-1"]
[WhiteElo "1335"]
[BlackElo "1434"]
[PlyCount "54"]
[EventDate "2017.03.17"]
[EventType "swiss"]
[EventRounds "5"]
[EventCountry "ITA"]
[SourceTitle "EXT 2024"]
[Source "ChessBase"]
[SourceDate "2023.10.10"]
[SourceVersion "1"]
[SourceVersionDate "2023.10.10"]
[SourceQuality "1"]

1. e4 e5 2. Nf3 d6 3. Bc4 h6 4. 0-0 c6 5. d3 a5 6. Nc3 b5 7. Nxb5 cxb5 8. Bxb5+ Bd7 9. Bc4 Nf6 10. Nh4 g6 11. Qf3 Bg7 12. Re1 Qe7 13. Be3 Nc6 14. Rad1 Bg4 15. Qg3 Bxd1 16. Rxd1 Rb8 17. b3 Nd8 18. d4 Nxe4 19. Qh3 Ng5 20. Qg3 e4 21. Re1 Nde6 22. Bf4 Nxf4 23. Qxf4 Nf3+ 24. gxf3 Be5 25. Qd2 Qg5+ 26. Kf1 Qxd2 27. Rxe4 0-0 0-1

[Event "Chioggia op-B 10th"]
[Site "Chioggia"]
[Date "2015.10.09"]
[Round "1"]
[White "Fornaro, Massimo"]
[Black "Knottner, Klaus"]
[Result "0-1"]
[WhiteElo "1476"]
[BlackElo "1737"]
[PlyCount "120"]
[EventDate "2015.10.09"]
[EventType "swiss"]
[EventRounds "5"]
[EventCountry "ITA"]
[SourceTitle "EXT 2022"]
[Source "ChessBase"]
[SourceDate "2021.10.06"]
[SourceVersion "1"]
[SourceVersionDate "2021.10.06"]
[SourceQuality "1"]

1. d4 d5 2. Nf3 Nf6 3. g3 e6 4. Bg2 Nbd7 5. c3 c5 6. 0-0 Bd6 7. h3 0-0 8. Nbd2 b6 9. Qc2 Bb7 10. Re1 Rc8 11. e3 a6 12. Nh2 e5 13. Qd1 e4 14. Ndf1 Qc7 15. g4 h6 16. f4 exf3 17. Nxf3 Ne4 18. N3h2 Ndf6 19. Re2 a5 20. Rc2 Qe7 21. Qe2 Rfe8 22. Nf3 Qc7 23. Qd1 Ba6 24. Nh4 g6 25. Nf3 c4 26. Bh1 Bb5 27. Rg2 Bd7 28. Qe1 Kg7 29. Qh4 g5 30. Qe1 b5 31. Rc2 b4 32. Rg2 Qd8 33. Bd2 Nxd2 34. N3xd2 Qe7 35. Qc1 Bc6 36. Qc2 Ne4 37. Nf3 Qf6 38. N1h2 Qg6 39. h4 f6 40. Re1 Bd7 41. h5 Qf7 42. Nf1 f5 43. Ne5 Bxe5 44. dxe5 Rxe5 45. Ng3 Nxg3 46. Rxg3 f4 47. Rg2 Rce8 48. Qd2 Bc6 49. Rf2 Qa7 50. Qc2 R8e6 51. Kf1 fxe3 52. Rfe2 Qf7+ 53. Kg1 Qf4 54. Rg2 d4 55. Rf1 Qe4 56. cxb4 Qxc2 57. Rxc2 Bxh1 58. Kxh1 e2 59. Re1 d3 60. Rd2 Rf6 0-1